书目信息 |
| 题名: |
诅咒
|
|
| 作者: | 蔡骏 著 | |
| 分册: | ||
| 出版信息: | 北京 中国社会科学出版社 2002.09 |
|
| 页数: | 354页 | |
| 开本: | 20cm | |
| 丛书名: | ||
| 单 册: | ||
| 中图分类: | I247.5 | |
| 科图分类: | ||
| 主题词: | 长篇小说--中国--当代 | |
| 电子资源: | ||
| ISBN: | 7-5004-3526-6 | |
| 000 | 00940nam0 2200229 450 | |
| 001 | 192004004105 | |
| 005 | 20070905131440.92 | |
| 010 | @a7-5004-3526-6@dCNY20.00 | |
| 100 | @a20070602d2002 ekmy0chiy0121 ea | |
| 101 | 0 | @achi |
| 102 | @aCN@b110000 | |
| 105 | @aa z 000ay | |
| 200 | 1 | @a诅咒@Azu zhou@f蔡骏著 |
| 205 | @a插图本 | |
| 210 | @a北京@c中国社会科学出版社@d2002.09 | |
| 215 | @a354页@c图@d20cm | |
| 330 | @a本书为青年作家蔡骏的新作,是一部很好看的惊悚小说。故事从年轻的考古学家江河自罗布泊考察归来后突然死亡开始,并接二连三地发生了一系列的命案,死因均为心肌梗死所致,而死者都曾参与考察地神秘的罗布泊和消失了的楼兰古国。究竟是谁制造了这些命案?难道真是出自一种神秘的诅咒?一切都围绕江河的未婚妻白壁而发生,几乎使这个娇弱的女孩子难以承受。随着警探叶萧的深入调查,谜底渐渐浮出水面.... | |
| 606 | 0 | @a长篇小说@y中国@z当代 |
| 690 | @aI247.5@v4 | |
| 701 | 0 | @a蔡骏@Acai jun@4著 |
| 801 | 0 | @aCN@c20070905 |
| 905 | @dI247.5@eC035 | |
| 诅咒/蔡骏著.-插图本.-北京:中国社会科学出版社,2002.09 |
| 354页:图;20cm |
| ISBN 7-5004-3526-6:CNY20.00 |
| 本书为青年作家蔡骏的新作,是一部很好看的惊悚小说。故事从年轻的考古学家江河自罗布泊考察归来后突然死亡开始,并接二连三地发生了一系列的命案,死因均为心肌梗死所致,而死者都曾参与考察地神秘的罗布泊和消失了的楼兰古国。究竟是谁制造了这些命案?难道真是出自一种神秘的诅咒?一切都围绕江河的未婚妻白壁而发生,几乎使这个娇弱的女孩子难以承受。随着警探叶萧的深入调查,谜底渐渐浮出水面.... |
| ● |
| 相关链接 |
|
|
|
正题名:诅咒
索取号:I247.5/C035
 
预约/预借
| 序号 | 登录号 | 条形码 | 馆藏地/架位号 | 状态 | 备注 |
| 1 | 617208 | 206172087 | 社科二线422/ [索取号:I247.5/C035] | 在馆 | |
| 2 | 617209 | 206172096 | 社科二线422/422社科库 14排1列5层/ [索取号:I247.5/C035] | 在馆 | |
| 3 | 617210 | 206172103 | 文学库108/422社科库 14排1列5层/ [索取号:I247.5/C035] | 在馆 |